Statistics for Countries Closest to Illinois

Click here to take the quiz!

General Stats

  • This quiz has been taken 24 times
    (15 since last reset)
  • The average score is 15 of 20

Answer Stats

Distance (km)Distance (mi)Country% Correct
367228Canada
100%
1,6501,025Cuba
100%
1,370852Mexico
100%
1,440895Bahamas
92%
2.8781,788Costa Rica
85%
2,1231,319Guatemala
85%
2,0491,273Belize
77%
2,2211,380Honduras / Swan Islands
77%
2,2941,425Jamaica
77%
3,0931,922Panama
77%
3,3252,066Saint Kitts and Nevis
77%
2,0771,290United Kingdom / Cayman Islands
77%
2,5021,555Colombia / San Andres and Providencia
69%
2,4951,551El Salvador
69%
2,5271,570France / Saint-Pierre and Miquelon
69%
2,4061,495Haiti
69%
2,4981,552Dominican Republic
62%
3,2522,021Netherlands / Sint Marteen
62%
3,2652,028Venezuela
62%
2,4911,548Nicaragua
54%

Score Distribution

Percentile by Number Answered

Percent of People with Each Score

Your Score History

You have not taken this quiz since the last reset